01159nam a2200193Ia 4500001001100000003001000011008004100021040002500062041001300087100004500100245004100145250001100186260006100197300002700258500026600285501011400551520026600665650003400931L240-11938IT-CnALBA170116s9999||||xx |||||||||||||| ||und|| aIT-CnALBAcIT-CnALBA aITALIANO aBAETEMAN G., P. DELLA MISS., LAZZARISTA. 0aMEDITAZIONI PER IL RITIRO DEL MESE.  a6a ed. aTORINObLICE. ROBERTO BERRUTI & C.c1963 [1° Ed.: n.d.] a256 p. (prefazione: 8) aTRADUZIONE DAL FRANCESE. RITIRO DEL MESE. TEMPO. TABOR. FINE ULTIMO DELL'UOMO. OPERA DELLA MORTE. SALVEZZA. PECCATO. NOVISSIMI. MISERICORDIA DI DIO. VIRTÙ TEOLOGALI. UMILTÀ. PUREZZA. SCHIETTEZZA. BONTÀ. DOLCEZZA. MORTIFICAZIONE. FORTEZZA. DOVERE DEL PROPR aSocietà San Paolo EM - Piazza San Paolo, 14 - 12051 ALBA (CN) (non commercial uses only) ® Copyright 2017 aTRADUZIONE DAL FRANCESE. RITIRO DEL MESE. TEMPO. TABOR. FINE ULTIMO DELL'UOMO. OPERA DELLA MORTE. SALVEZZA. PECCATO. NOVISSIMI. MISERICORDIA DI DIO. VIRTÙ TEOLOGALI. UMILTÀ. PUREZZA. SCHIETTEZZA. BONTÀ. DOLCEZZA. MORTIFICAZIONE. FORTEZZA. DOVERE DEL PROPR aTEOLOGIA SPIRITUALE CRISTIANA